000 00431nam a2200169Ia 4500
001 16628
003 IN-NITTTR
005 20251114233157.0
008 251113s9999||||xx |||||||||||||| ||eng||
040 _beng
040 _cIN-NITTTR
041 _aeng
082 _a338.04 K134C
100 _aKanter, Rosabeth Moss
245 4 _aThe change masters :
_b corporate entrepreneurs at work /
_cKanter, Rosabeth Moss
942 _2ddc
_cBK
999 _c19262
_d19262